รวมปาฐกถาพระราชนิพนธ์ สมเด็จพระเทพรัตนราชสุดา ฯ สยามบรมราชกุมารี : (ระเบียนเลขที่ 105161)
| 000 -LEADER | |
|---|---|
| fixed length control field | 03611nam a22003497a 4500 |
| 003 - CONTROL NUMBER IDENTIFIER | |
| control field | NALT |
| 005 - DATE AND TIME OF LATEST TRANSACTION | |
| control field | 20240718073601.0 |
| 008 - FIXED-LENGTH DATA ELEMENTS--GENERAL INFORMATION | |
| fixed length control field | 240515b th ||||| |||| 00| 0 tha d |
| 020 ## - INTERNATIONAL STANDARD BOOK NUMBER | |
| International Standard Book Number | 9786160430536 |
| 040 ## - CATALOGING SOURCE | |
| Original cataloging agency | NALT |
| 041 0# - LANGUAGE CODE | |
| Language code of text/sound track or separate title | thaeng |
| 050 ## - LIBRARY OF CONGRESS CALL NUMBER | |
| Classification number | DS 578.32 |
| Item number | ท622ร 2560 |
| 110 2# - MAIN ENTRY--CORPORATE NAME | |
| Corporate name or jurisdiction name as entry element | มูลนิธิสมเด็จพระเทพรัตนราชสุดา |
| 9 (RLIN) | 63875 |
| 245 10 - TITLE STATEMENT | |
| Title | รวมปาฐกถาพระราชนิพนธ์ สมเด็จพระเทพรัตนราชสุดา ฯ สยามบรมราชกุมารี : |
| Remainder of title | การศึกษากับการพัฒนา เล่มที่ 3 / |
| Statement of responsibility, etc. | มูลนิธิสมเด็จพระเทพรัตนราชสุดา. |
| 250 ## - EDITION STATEMENT | |
| Edition statement | พิมพ์ครั้งที่ 2. |
| 260 ## - PUBLICATION, DISTRIBUTION, ETC. | |
| Place of publication, distribution, etc. | กรุงเทพฯ : |
| Name of publisher, distributor, etc. | มูลนิธิสมเด็จพระเทพรัตนราชสุดา, |
| Date of publication, distribution, etc. | 2560. |
| 300 ## - PHYSICAL DESCRIPTION | |
| Extent | 660-969 หน้า : |
| Other physical details | ภาพประกอบ ; |
| Dimensions | 22 ซม. |
| 505 2# - FORMATTED CONTENTS NOTE | |
| Formatted contents note | วิทยาศาสตรศึกษา -- เยาวชนไทยกับวิทยาศาสตร์ -- เสริมสร้างศักยภาพของเด็กด้านวิทยาศาสตร์และเทคโนโลยี: สร้างรากฐานของการพัฒนาชนบทอย่างยั่งยืน -- Family Farming -- Science, Technology for Sustainable Development -- Young Scientists of Asia -- เทคโนโลยีสารสนเทศกับการศึกษา -- แนวโน้มการจัดการเรียนการสอนเพื่อการเรียนรู้ในทศวรรษหน้า -- ICT as a Tool to Harness Knowledge and Technology for Sustainable Development -- การประยุกต์ใช้เทคโนโลยีสารสนเทศ เพื่อการพัฒนาคุณภาพชีวิตของผู้ด้อยโอกาสในสังคม -- สิ่งแวดล้อมศึกษา -- ประสบการณ์การพัฒนาชนบทที่เป็นมิตรกับสิ่งแวดล้อม -- การสร้างจิตสำนึกให้เด็กและเยาวชนอนุรักษ์ทรัพยากรธรรมชาติ -- การแพทย์และการสาธารณสุข -- การแพทย์และการสาธารณสุข: จากยุคเริ่มต้นสู่ยุคประชาคมอาเซียน -- Disaster Nursing. |
| 600 00 - SUBJECT ADDED ENTRY--PERSONAL NAME | |
| Personal name | เทพรัตนราชสุดาฯ สยามบรมราชกุมารี, |
| Titles and other words associated with a name | สมเด็จพระ, |
| Dates associated with a name | 2498- |
| 9 (RLIN) | 11456 |
| 650 #4 - SUBJECT ADDED ENTRY--TOPICAL TERM | |
| Topical term or geographic name entry element | วิทยาศาสตร์ |
| 9 (RLIN) | 15058 |
| 650 #4 - SUBJECT ADDED ENTRY--TOPICAL TERM | |
| Topical term or geographic name entry element | การศึกษากับเทคโนโลยี |
| 9 (RLIN) | 43936 |
| 650 #4 - SUBJECT ADDED ENTRY--TOPICAL TERM | |
| Topical term or geographic name entry element | สิ่งแวดล้อมศึกษา |
| 9 (RLIN) | 44526 |
| 650 #4 - SUBJECT ADDED ENTRY--TOPICAL TERM | |
| Topical term or geographic name entry element | การแพทย์ |
| 9 (RLIN) | 7262 |
| 650 #4 - SUBJECT ADDED ENTRY--TOPICAL TERM | |
| Topical term or geographic name entry element | สาธารณสุข |
| 9 (RLIN) | 22169 |
| 653 #4 - INDEX TERM--UNCONTROLLED | |
| Uncontrolled term | วิทยาศาสตร์ศึกษา |
| 942 ## - ADDED ENTRY ELEMENTS (KOHA) | |
| Koha item type | General Book |
| Source of classification or shelving scheme | Library of Congress Classification |
| 996 ## - STAFF PROCESSING RECORDS (NALT) | |
| Staff name | chunbijaya.r |
| Staff type | CATSTF |
| Acquisition or Cataloging date | 2024-05-15 |
| 996 ## - STAFF PROCESSING RECORDS (NALT) | |
| Staff name | saiphon.d |
| Staff type | CATSTF |
| Acquisition or Cataloging date | 2024-05-17 |
| 996 ## - STAFF PROCESSING RECORDS (NALT) | |
| Staff name | i002 |
| Staff type | CATSTF |
| Acquisition or Cataloging date | 2024-05-27 |
| 998 ## - STAFF NAME (NALT) | |
| -- | |
| -- | CRON CRON |
| Withdrawn status | Lost status | Source of classification or shelving scheme | Damaged status | Not for loan | Collection code | Home library | Current library | Shelving location | Date acquired | Total Checkouts | Full call number | Barcode | Date last seen | Price effective from | Koha item type |
|---|---|---|---|---|---|---|---|---|---|---|---|---|---|---|---|
| Library of Congress Classification | General Book collection | National Assembly Library of Thailand | National Assembly Library of Thailand | General Book shelves | 15/05/2024 | DS 578.32 ท622ร 2560 ล.3 | 3961231013 | 04/06/2024 | 15/05/2024 | General Book |
